[Event "AUTO-OPEN-1826"]
[Site "http://www.queenalice.com/game.php?id=709400"]
[Date "2010.1.6"]
[Round "1"]
[White "rvc22"]
[Black "ZeroHour"]
[Result "0-1"]
[WhiteElo "1464"]
[BlackElo "1457"]

1. e4 c5 2. d4 cxd4 3. Qxd4 Nc6 4. Qd1 g6 5. Bb5 Bg7 6. f4 Qa5+ 7. Nc3 Bxc3+ 8.
Bd2 Bxd2+ 9. Qxd2 Qxb5 10. O-O-O Nf6 11. b3 Nxe4 12. Qd3 Qxd3 13. Rxd3 Nf2 14.
Nf3 Nxh1 15. Kd2 Nf2 16. Rd5 d6 17. Ke2 Ne4 18. Nd4 Nc3+ 19. Kd3 Nxd5 20. Nxc6
bxc6 0-1

[Event "AUTO-OPEN-1826"]
[Site "http://www.queenalice.com/game.php?id=709401"]
[Date "2010.1.6"]
[Round "1"]
[White "ZeroHour"]
[Black "rvc22"]
[Result "0-1"]
[WhiteElo "1615"]
[BlackElo "1495"]

1. d4 d5 2. c4 c5 3. e3 Nc6 4. cxd5 Qxd5 5. Nc3 Qd8 6. d5 Ne5 7. Be2 c4 8. Bxc4
Nxc4 9. Qa4+ Qd7 10. Qxc4 e6 11. Nf3 b6 12. O-O a6 13. Rd1 b5 14. Qc6 Qxc6 15.
dxc6 Ra7 16. Ne2 Rc7 17. Ned4 Bc5 18. Bd2 Bxd4 19. Nxd4 e5 20. Ba5 Re7 21. Nb3
Re6 22. Nc5 Rxc6 23. Rd8+ Ke7 24. b4 f5 25. Rad1 Kf7 26. f4 e4 27. h4 h5 28.
R1d5 g6 29. Kf2 Kg7 30. Nd7 Rc2+ 31. Ke1 Ne7 32. Rxh8 Kxh8 33. Nc5 Nxd5 0-1

[Event "AUTO-OPEN-1826"]
[Site "http://www.queenalice.com/game.php?id=709402"]
[Date "2010.1.6"]
[Round "1"]
[White "rvc22"]
[Black "juim"]
[Result "0-1"]
[WhiteElo "1454"]
[BlackElo "1572"]

1. e4 d5 2. Nc3 dxe4 3. Nxe4 Qd4 4. d3 Bf5 5. f3 e6 6. g4 Bxe4 7. fxe4 Bc5 8.
Qe2 Nf6 9. g5 Nh5 10. Qxh5 Qf2+ 11. Kd1 Qxf1+ 12. Kd2 Qg2+ 13. Ne2 Qxh1 14. Qh3
Bf2 15. c4 Qe1+ 16. Kc2 Qxe2+ 17. Bd2 Nc6 18. Qf1 Qf3 19. Rd1 O-O-O 20. Bc3 Rd7
21. Rd2 Rhd8 22. a4 Nd4+ 23. Bxd4 Rxd4 24. b4 g6 25. b5 Qf4 26. Qxf2 Qxg5 27.
Qxf7 b6 28. Qxe6+ Kb8 29. Qf7 Qe3 30. Qf1 Rxc4+ 31. dxc4 Qxd2+ 32. Kb1 Qd1+ 33.
Qxd1 Rxd1+ 34. Kc2 Rd4 35. e5 Rxc4+ 36. Kd3 Rc5 37. Kd4 h5 38. e6 Kc8 39. e7 Kd7
40. h4 g5 41. hxg5 Rxg5 0-1

[Event "AUTO-OPEN-1826"]
[Site "http://www.queenalice.com/game.php?id=709403"]
[Date "2010.1.6"]
[Round "1"]
[White "juim"]
[Black "rvc22"]
[Result "0-1"]
[WhiteElo "1577"]
[BlackElo "1454"]

1. e4 e5 2. d3 d5 3. exd5 Qxd5 4. Nc3 Qd7 5. Nf3 Nc6 6. Be2 Nd4 7. Nxe5 Qe6 8.
f4 f6 9. Bg4 Nxc2+ 10. Qxc2 Qb6 11. Nd5 Qa5+ 12. Nc3 fxe5 13. fxe5 Qxe5+ 14. Ne4
Bxg4 15. O-O Nf6 16. Re1 Be7 17. Bd2 O-O-O 18. Nf2 Qc5 19. Bc3 Bf5 20. Kh1 Ng4
21. Nxg4 Bxg4 22. Qa4 Bf6 23. Bxf6 gxf6 24. Qxg4+ f5 25. Qg3 Qd4 26. Rec1 f4 27.
Qh3+ Kb8 28. Rc3 Rde8 29. Rac1 Re3 30. Qh6 Rhe8 31. h3 Re1+ 32. Rxe1 Rxe1+ 33.
Kh2 Qg1# 0-1

[Event "Challenge"]
[Site "http://www.queenalice.com/game.php?id=721061"]
[Date "2010.1.27"]
[Round "-"]
[White "rvc22"]
[Black "fgoliveira"]
[Result "0-1"]
[WhiteElo "1491"]
[BlackElo "1328"]

1. e4 e5 2. Nf3 Qf6 3. d3 h6 4. Be2 Bc5 5. O-O Nc6 6. c3 Nge7 7. Be3 d6 8. d4
exd4 9. cxd4 Bb6 10. e5 dxe5 11. dxe5 Nxe5 12. Bxb6 axb6 13. Nc3 Nxf3+ 14. Bxf3
O-O 15. Rc1 Qg6 16. Nb5 Nf5 17. a3 c6 18. Nc7 Ra5 19. Re1 Nh4 20. g3 Nxf3+ 21.
Qxf3 Rd8 22. Re8+ Rxe8 23. Nxe8 Rd5 24. Qe3 c5 25. Nc7 Rd7 26. Qe8+ Kh7 27. Qxc8
Rd2 28. Qf8 Rxb2 29. Ne8 h5 30. h4 f5 31. Re1 f4 32. Re7 Qb1+ 33. Kg2 Rxf2+ 34.
Kxf2 Qb2+ 35. Kf3 Qb3+ 36. Kxf4 Qc4+ 37. Re4 Qf1+ 38. Kg5 Qxf8 39. Nc7 Qd8+ 40.
Kxh5 Qxc7 41. Re6 Qf7+ 0-1

[Event "AUTO-INT-1591"]
[Site "http://www.queenalice.com/game.php?id=721326"]
[Date "2010.1.27"]
[Round "1"]
[White "carolsoy"]
[Black "rvc22"]
[Result "1-0"]
[WhiteElo "1519"]
[BlackElo "1443"]

1. e4 e5 2. Nf3 Nc6 3. Bb5 a6 4. Bxc6 bxc6 5. O-O Bd6 6. Nc3 Nf6 7. Re1 O-O 8.
d3 c5 9. Bg5 h6 10. Bxf6 Qxf6 11. Nd5 Qe6 12. Rc1 Bb7 13. c4 Bxd5 14. cxd5 Qg4
15. h3 Qg6 16. a3 a5 17. Qa4 Rfd8 18. Qc2 f5 19. exf5 Qxf5 20. Re2 g5 21. Qc4 c6
22. dxc6+ Kg7 23. cxd7 Rxd7 24. Qe4 Qxe4 25. Rxe4 a4 26. Rc3 Kg6 27. Nxe5+ 1-0

[Event "AUTO-INT-1591"]
[Site "http://www.queenalice.com/game.php?id=721327"]
[Date "2010.1.27"]
[Round "1"]
[White "rvc22"]
[Black "carolsoy"]
[Result "0-1"]
[WhiteElo "1481"]
[BlackElo "1500"]

1. d4 d5 2. Nc3 Nf6 3. Bg5 Nc6 4. Bxf6 gxf6 5. e3 e5 6. dxe5 fxe5 7. Nxd5 Be6 8.
e4 f5 9. Qh5+ Bf7 10. Qd1 Bxd5 11. exd5 Nd4 12. c3 Qxd5 13. cxd4 Bb4+ 14. Ke2
Qe4# 0-1

[Event "AUTO-INT-1591"]
[Site "http://www.queenalice.com/game.php?id=721340"]
[Date "2010.1.27"]
[Round "1"]
[White "vieri"]
[Black "rvc22"]
[Result "1-0"]
[WhiteElo "1294"]
[BlackElo "1401"]

1. e4 e5 2. Nf3 Nc6 3. Bc4 Nf6 4. d3 Bb4+ 5. c3 Bc5 6. Ng5 d6 7. Bxf7+ Kf8 8.
Be6 Qe7 9. Bd5 Nxd5 10. exd5 Nd8 11. Nf3 Bg4 12. O-O e4 13. d4 Bb6 14. h3 Bh5
15. g4 Bf7 16. Nh2 Bxd5 17. Bf4 g5 18. Bg3 Nf7 19. Nd2 c5 20. Qa4 cxd4 21. cxd4
e3 22. fxe3 Qxe3+ 23. Rf2 Qxg3+ 24. Kf1 Bg2+ 25. Rxg2 Qxh3 26. Qd7 Re8 27. Rc1
Qd3+ 28. Kg1 Bxd4+ 29. Kh1 Qe3 30. Rd1 h5 31. Nhf1 Qh3+ 32. Nh2 hxg4 33. Nc4 Ne5
34. Rf1+ Kg8 35. Qxe8+ Kh7 36. Qe7+ Kh6 37. Qe6+ Kh7 38. Qf5+ Kh6 39. Qf6+ Kh7
40. Qe7+ Kh6 41. Qxd6+ Ng6 42. Qxd4 Nf4 43. Qd6+ Kg7 44. Qe5+ Kg6 45. Qd6+ Kg7
46. Qe5+ 1-0

[Event "AUTO-INT-1591"]
[Site "http://www.queenalice.com/game.php?id=721341"]
[Date "2010.1.27"]
[Round "1"]
[White "rvc22"]
[Black "vieri"]
[Result "0-1"]
[WhiteElo "1423"]
[BlackElo "1272"]

1. d4 d5 2. Nc3 c6 3. Nf3 g6 4. e3 Bg7 5. Be2 Nf6 6. O-O Ne4 7. Nxe4 dxe4 8. Ne5
f6 9. Nc4 Qd5 10. Bd2 O-O 11. Bb4 b6 12. f3 exf3 13. Rxf3 Re8 14. Na3 Qg5 15.
Bc4+ Kh8 16. Rg3 Qf5 17. d5 c5 18. Bc3 a6 19. Qd3 Qxd3 20. cxd3 Nd7 21. d4 cxd4
22. Bxd4 b5 23. Bd3 Bb7 24. Rh3 Bxd5 25. e4 h5 26. exd5 Bh6 27. Bxg6 Rg8 28.
Bxh5 e5 29. Bf7 Rgc8 30. Be6 Rc7 31. Rxh6+ Kg7 32. Be3 Nf8 33. d6 Rc6 34. Rd1
Nxe6 35. Nb1 Rd8 36. d7 Rc7 37. Bb6 Kxh6 38. Bxc7 Nxc7 39. Rd6 Kg7 40. Nc3 Kf7
41. Ne4 Ke7 42. Rd1 f5 43. Nc5 a5 44. Nb7 Rxd7 45. Rxd7+ Kxd7 46. Nxa5 e4 0-1

[Event "AUTO-INT-1591"]
[Site "http://www.queenalice.com/game.php?id=721350"]
[Date "2010.1.27"]
[Round "1"]
[White "rvc22"]
[Black "fgoliveira"]
[Result "1-0"]
[WhiteElo "1468"]
[BlackElo "1384"]

1. e4 e5 2. Qf3 Bc5 3. Bc4 Nf6 4. d3 d6 5. Bg5 Bg4 6. Bxf6 Bxf3 7. Bxd8 Bxg2 8.
Bxc7 Nc6 9. Nd2 Bxh1 10. a3 Nd4 11. O-O-O Bg2 12. c3 Ne6 13. Bxe6 fxe6 14. f3
Rf8 15. b4 Be3 16. Bxd6 Rf7 17. Bxe5 g5 18. Re1 Bxg1 19. Rxg1 Bh3 20. Rxg5 Kd7
21. f4 Kc6 22. c4 a5 23. b5+ Kb6 24. a4 Kc5 25. Bc3+ Kd6 26. c5+ Kd7 27. Nc4
Rxf4 28. Nb6+ Ke7 29. Nxa8 Bf1 30. c6 bxc6 31. b6 Rf8 32. Nc7 Bxd3 33. Bxa5 Bxe4
34. Bb4+ c5 35. Bxc5+ Kf6 36. Bxf8 Kxg5 37. Nxe6+ Kf6 38. Nc5 Bc6 39. a5 Kf7 40.
b7 Kxf8 41. b8=Q+ Be8 42. a6 h5 43. a7 Kf7 44. a8=Q h4 45. Qf4+ Ke7 46. Qae4+
Kd8 47. Qd6+ Bd7 48. Qxd7# 1-0

[Event "AUTO-INT-1591"]
[Site "http://www.queenalice.com/game.php?id=721351"]
[Date "2010.1.27"]
[Round "1"]
[White "fgoliveira"]
[Black "rvc22"]
[Result "1-0"]
[WhiteElo "1298"]
[BlackElo "1516"]

1. e4 e5 2. Bc4 c6 3. Qh5 g6 4. Qxe5+ Qe7 5. Qxh8 Qxe4+ 6. Ne2 Qxc4 7. Qxg8 Qxc2
8. Qxh7 Qe4 9. Nc3 Qxg2 10. Rg1 Qf3 11. Rg3 Qf5 12. d3 Bc5 13. Be3 b6 14. d4 Bb4
15. Bg5 f6 16. Qh8+ Bf8 17. Re3+ Kf7 18. Ng3 Qxg5 19. Nge4 Qg1+ 20. Ke2 Ba6+ 21.
Kd2 Qg4 22. Qxf6+ Kg8 23. Rg3 Bh6+ 24. Kc2 Qe6 25. Rxg6+ Kh7 26. Ng5+ Bxg5 27.
Qg7# 1-0

[Event "Challenge"]
[Site "http://www.queenalice.com/game.php?id=721667"]
[Date "2010.1.28"]
[Round "-"]
[White "rvc22"]
[Black "gdc"]
[Result "0-1"]
[WhiteElo "1456"]
[BlackElo "1542"]

1. d4 Nf6 2. Bg5 d5 3. Nc3 e6 4. Nf3 Nbd7 5. Ne5 Be7 6. h4 O-O 7. f4 h6 8. Bxf6
Bxf6 9. Nxd7 Bxd7 10. Qd3 Bxh4+ 11. Kd1 c5 12. g3 cxd4 13. Nb5 Bxb5 14. Qxb5 Bf6
15. Rc1 Qc7 16. Bg2 Rfc8 17. Rh3 a6 18. Qb3 b5 19. g4 g5 20. f5 Qf4 21. Rxh6 Kg7
22. Rh3 Qxg4 23. Qf3 Qxf5 24. Qxf5 exf5 25. Bxd5 Ra7 26. e3 g4 27. Rg3 dxe3 28.
Rxe3 Bg5 29. Re5 Bxc1 30. Kxc1 Kf6 31. Re2 Rd8 32. Bb3 Re7 33. Rxe7 Kxe7 34. a4
g3 35. c3 g2 36. axb5 g1=Q+ 37. Kc2 Qd1# 0-1

[Event "AUTO-OPEN-1859"]
[Site "http://www.queenalice.com/game.php?id=722899"]
[Date "2010.1.30"]
[Round "1"]
[White "rvc22"]
[Black "luizantoniosetti"]
[Result "0-1"]
[WhiteElo "1458"]
[BlackElo "2025"]

1. e4 c5 2. c4 Nc6 3. Nf3 d6 4. Nc3 g6 5. d4 cxd4 6. Nxd4 Bg7 7. Nxc6 bxc6 8.
Bd3 Nf6 9. O-O O-O 10. Bg5 Qb6 11. a4 Qxb2 12. Qc1 Qxc1 13. Raxc1 h6 14. Bxf6
Bxf6 15. a5 Ba6 16. f4 Rab8 17. Rf3 Bd4+ 18. Kf1 e5 19. f5 g5 20. Ke2 Rb2+ 21.
Kf1 Rfb8 22. g3 R8b3 23. Be2 d5 24. exd5 cxd5 25. Nxd5 Rxf3+ 26. Bxf3 Rf2+ 27.
Ke1 Rxf3 28. Ne7+ Kf8 29. Nc6 Bc3+ 30. Ke2 e4 31. Nxa7 Bxc4+ 32. Kd1 Rf1+ 33.
Kc2 Rxc1+ 0-1

[Event "AUTO-OPEN-1859"]
[Site "http://www.queenalice.com/game.php?id=722900"]
[Date "2010.1.30"]
[Round "1"]
[White "luizantoniosetti"]
[Black "rvc22"]
[Result "1-0"]
[WhiteElo "2023"]
[BlackElo "1460"]

1. e4 e5 2. Nf3 d6 3. d4 Bg4 4. dxe5 dxe5 5. Qxd8+ Kxd8 6. Nxe5 Be6 7. Bc4 Bxc4
8. Nxc4 Nc6 9. Nc3 Bb4 10. Bd2 Nd4 11. O-O-O Nf6 12. a3 Bxc3 13. Bxc3 c5 14.
Bxd4 cxd4 15. Rxd4+ Kc7 16. Rhd1 g5 17. f3 h5 18. Ne5 Rad8 19. Nxf7 Rxd4 20.
Rxd4 Rg8 21. e5 Rf8 22. Nxg5 Ng8 23. Ne6+ Kb6 24. Nxf8 Ne7 25. Nd7+ Kc7 26. f4
Nc6 27. Rd2 h4 28. g3 hxg3 29. hxg3 b5 30. e6 Kd8 31. Nc5+ 1-0

[Event "AUTO-OPEN-1859"]
[Site "http://www.queenalice.com/game.php?id=722901"]
[Date "2010.1.30"]
[Round "1"]
[White "rvc22"]
[Black "vindaloo"]
[Result "0-1"]
[WhiteElo "1430"]
[BlackElo "1703"]

1. d4 d5 2. c4 dxc4 3. Qa4+ Nc6 4. d5 Qxd5 5. Nc3 Qd8 6. Qxc4 Nf6 7. Bg5 e6 8.
Nf3 Be7 9. Rd1 Bd7 10. e4 O-O 11. e5 Nd5 12. Nxd5 Bxg5 13. Nxg5 Qxg5 14. Nxc7
Qxe5+ 15. Be2 Qxc7 16. O-O e5 17. Qe4 Be6 18. Bd3 g6 19. a3 Rad8 20. g4 Rd4 21.
Qf3 Bd5 22. Qe2 e4 23. Bb5 Rxd1 24. Rxd1 Ne7 25. Rd4 a6 26. Bc4 Bxc4 27. Rxc4
Qd8 28. Qxe4 Nc6 0-1

[Event "AUTO-OPEN-1859"]
[Site "http://www.queenalice.com/game.php?id=722902"]
[Date "2010.1.30"]
[Round "1"]
[White "vindaloo"]
[Black "rvc22"]
[Result "0-1"]
[WhiteElo "1715"]
[BlackElo "1475"]

1. e4 e5 2. Nf3 Nf6 3. Nxe5 Qe7 4. Nf3 Qxe4+ 5. Be2 d5 6. O-O Bg4 7. Re1 Nc6 8.
Bb5 Bxf3 9. Rxe4+ Bxe4 10. Bxc6+ bxc6 11. d3 Bg6 12. Bg5 Be7 13. Nd2 O-O 14. Nf3
Rae8 15. c3 c5 16. Qa4 Bxd3 17. Qxa7 h6 18. Bxf6 Bxf6 19. Qxc5 Re7 20. Qxd5 Bc2
21. a4 Rfe8 22. a5 Be4 23. Qd1 Bxf3 24. Qxf3 Re1+ 25. Rxe1 Rxe1# 0-1

[Event "AUTO-OPEN-1859"]
[Site "http://www.queenalice.com/game.php?id=722903"]
[Date "2010.1.30"]
[Round "1"]
[White "rvc22"]
[Black "Guigafmoraes"]
[Result "1-0"]
[WhiteElo "1445"]
[BlackElo "1907"]

1. d4 d5 2. Nc3 Nf6 3. Bg5 e6 4. Qd3 Be7 5. O-O-O Nc6 6. Bxf6 Bxf6 7. Nf3 a6 8.
h4 Nb4 9. Qd2 Bd7 10. a3 Nc6 11. e3 Ne7 12. g4 Nc6 13. Bg2 b5 14. b4 Be7 15. g5
f6 16. e4 dxe4 17. Nxe4 f5 18. Nc5 a5 19. Kb2 axb4 20. axb4 Qb8 21. Ra1 Rxa1 22.
Rxa1 O-O 23. Nxd7 Qb7 24. Nxf8 Kxf8 25. Ne5 1-0

[Event "AUTO-OPEN-1859"]
[Site "http://www.queenalice.com/game.php?id=722904"]
[Date "2010.1.30"]
[Round "1"]
[White "Guigafmoraes"]
[Black "rvc22"]
[Result "1-0"]
[WhiteElo "1945"]
[BlackElo "1425"]

1. d4 d5 2. c4 c5 3. dxc5 dxc4 4. Qxd8+ Kxd8 5. e4 e5 6. Bxc4 Be6 7. Bxe6 fxe6
8. Be3 Nf6 9. Nc3 Nc6 10. Nf3 Nb4 11. O-O-O+ Kc8 12. Nxe5 a6 13. Nf7 Rg8 14. Bf4
Nc6 15. Nd6+ Bxd6 16. Rxd6 Re8 17. Rhd1 h6 18. e5 Ng4 19. f3 Nf2 20. Rf1 Rd8 21.
Rxd8+ Nxd8 22. Rxf2 g5 23. Be3 Nf7 24. Bd4 Kc7 25. f4 Rd8 26. Rd2 gxf4 27. Ne4
Nh8 28. Bf2 Rxd2 29. Kxd2 Ng6 30. Bd4 1-0

[Event "AUTO-INT-1594"]
[Site "http://www.queenalice.com/game.php?id=723016"]
[Date "2010.1.30"]
[Round "1"]
[White "Vermelho"]
[Black "rvc22"]
[Result "1-0"]
[WhiteElo "1721"]
[BlackElo "1480"]

1. e4 e5 2. Nf3 f6 3. d4 exd4 4. Nxd4 c5 5. Nf3 Qe7 6. Nc3 Nc6 7. Bc4 a6 8. a4
b6 9. O-O Nh6 10. Re1 Bb7 11. Nd5 Qd8 12. Bf4 Nb4 13. Nc7+ 1-0

[Event "AUTO-INT-1594"]
[Site "http://www.queenalice.com/game.php?id=723017"]
[Date "2010.1.30"]
[Round "1"]
[White "rvc22"]
[Black "Vermelho"]
[Result "0-1"]
[WhiteElo "1474"]
[BlackElo "1727"]

1. d4 d5 2. Nc3 Bf5 3. Nf3 Nc6 4. a3 Nf6 5. Ne5 Nxe5 6. dxe5 Nd7 7. Qxd5 Bxc2 8.
e4 Nb6 9. Qxd8+ Rxd8 10. Nb5 Rd7 11. Nxa7 c6 12. b4 Rd8 13. Be3 Na4 0-1

[Event "AUTO-INT-1594"]
[Site "http://www.queenalice.com/game.php?id=723032"]
[Date "2010.1.30"]
[Round "1"]
[White "kiteflyer"]
[Black "rvc22"]
[Result "1-0"]
[WhiteElo "1645"]
[BlackElo "1501"]

1. e4 e5 2. Nf3 d6 3. Bb5+ c6 4. Ba4 b5 5. Bb3 Qe7 6. d4 exd4 7. Qxd4 c5 8. Qe3
c4 9. Bxc4 bxc4 10. O-O d5 11. Nc3 Nf6 12. e5 Ng4 13. Qd4 h5 14. Nxd5 Qd7 15.
Qxc4 Na6 16. Re1 Bc5 17. Be3 Bxe3 18. Nxe3 Nxe3 19. Rxe3 O-O 20. Rd3 Qe6 21. Qe4
Qf5 22. Qxa8 Nb4 23. Qxa7 Nxd3 24. cxd3 1-0

[Event "AUTO-INT-1594"]
[Site "http://www.queenalice.com/game.php?id=723033"]
[Date "2010.1.30"]
[Round "1"]
[White "rvc22"]
[Black "kiteflyer"]
[Result "0-1"]
[WhiteElo "1468"]
[BlackElo "1601"]

1. e4 e5 2. Nf3 Nc6 3. Bb5 a6 4. Bxc6 bxc6 5. Nc3 Nf6 6. d4 exd4 7. Nxd4 Bb7 8.
f3 c5 9. Nf5 d5 10. exd5 Nxd5 11. Nxd5 Bxd5 12. Qe2+ Be7 13. Nxg7+ Kd7 14. Nf5
Kc8 15. Nxe7+ Kd7 16. Bg5 Rb8 17. Rd1 Rxb2 18. Rxd5+ Ke8 19. Nc6+ Kf8 0-1

[Event "AUTO-INT-1594"]
[Site "http://www.queenalice.com/game.php?id=723044"]
[Date "2010.1.30"]
[Round "1"]
[White "rvc22"]
[Black "azad_m"]
[Result "0-1"]
[WhiteElo "1475"]
[BlackElo "1509"]

1. d4 d5 2. Nc3 Nf6 3. Bg5 Nc6 4. Bxf6 exf6 5. Qd3 Bb4 6. Nf3 Be6 7. a3 Bd6 8.
e3 O-O 9. Nb5 a6 10. Nc3 Qd7 11. b3 Ne7 12. a4 Bf5 13. Qd2 Bb4 14. a5 Nc6 15.
Nh4 Bxa5 0-1

[Event "AUTO-INT-1594"]
[Site "http://www.queenalice.com/game.php?id=723045"]
[Date "2010.1.30"]
[Round "1"]
[White "azad_m"]
[Black "rvc22"]
[Result "1-0"]
[WhiteElo "1493"]
[BlackElo "1491"]

1. e4 Nc6 2. d4 e6 3. d5 exd5 4. exd5 Ne5 5. Bf4 d6 6. Nc3 Bg4 7. Be2 Bxe2 8.
Qxe2 f6 9. Nf3 Qe7 10. O-O Nxf3+ 11. Qxf3 Qd8 12. Rfe1+ Be7 13. Ne4 f5 14. Ng3
Qd7 15. Bg5 1-0